00955nam a22002777a 4500003000900000005001700009008002800026020001500054040002200069082002600091100003500117245005100152250001200203260003800215300002200253490001100275534008900286590002600375600002500401650003300426650002500459910004100484942001200525952012300537999001700660DO-SdBNP20231031095038.0171102b1998 sp 00| 0 spa d a8488242107 aBPMSUbspacBPMSU 4a133.4bC346c 19982221 aCastaneda, Carlosd1935-1998. 13aEl conocimiento silencioso /cCarlos Castaneda a4a. ed. aMadrid :bGaia Ediciones ,c1998. a301 p. ;c22 cm. 0 aNagual aTítulo original. tThe power of silence. 600 17$aMatus, Juan, $d1881- $2BLAAUTO  aInventariado, 2023/VM14aMatus, Juan, d1881- 4aTeoría del conocimiento.  4a Brujería zMexico a VMateo V. Control de calidad. BPMSU 2ddccBK 00102ddc40708CGaBPMETbBPMETd2017-11-02l0oBPMSU CG 133.4 C346c 1998pBPMSU17110031r2017-11-02w2017-11-02yBK c12752d12752